| 000 | 00972nab a2200217 i 4500 | ||
|---|---|---|---|
| 001 | BPP | ||
| 003 | BPK | ||
| 005 | 20160604115851.0 | ||
| 008 | 150904s2001 pl | | |000 ||pol | ||
| 040 | _cBPK | ||
| 080 | _a339.3 | ||
| 100 |
_aWIŚNIEWSKI, Edward. _d1996 - 2006. _bPolitechnika Koszalińska - Wydział Ekonomii i Zarządzania, _cKatedra Mikroekonomii i Ekonomii Stosowanej |
||
| 245 |
_aRola handlu detalicznego w rozwoju Kołobrzegu / _cEdward Wiśniewski. |
||
| 260 | _c2001. | ||
| 500 | _aDane z autopsji. | ||
| 520 | _aArtykuł nt. przeprowadzonych badań w Kołobrzegu, których celem była diagnoza stanu placówek handlu detalicznego oraz prognoza kierunków jego wpływu na rozwój miasta. | ||
| 650 | _aHandel detaliczny. | ||
| 650 | 0 | _aKołobrzeg (woj. zachodniopomorskie). | |
| 773 |
_iW : _tKoszalińskie Studia i Materiały. - _dKoszalin : Wydaw. Uczelniane Politechniki Koszalińskiej, 2001. - _gnr 3, s. 93-101 |
||
| 942 |
_cART _2UKD |
||
| 999 |
_c4363 _d4363 |
||